Examination Papers Set In 1913 (Record no. 69307)

MARC details
000 -LEADER
fixed length control field 00498nam a2200181Ia 4500
003 - CONTROL NUMBER IDENTIFIER
control field OSt
005 - DATE AND TIME OF LATEST TRANSACTION
control field 20220317133604.0
008 - FIXED-LENGTH DATA ELEMENTS--GENERAL INFORMATION
fixed length control field 211109s9999||||xx |||||||||||||| ||und||
040 ## - CATALOGING SOURCE
Transcribing agency sbcl
082 ## - DEWEY DECIMAL CLASSIFICATION NUMBER
Classification number 378.1662
Item number UNI-E
100 ## - MAIN ENTRY--PERSONAL NAME
Personal name University Of Madras,
245 #0 - TITLE STATEMENT
Title Examination Papers Set In 1913
260 ## - PUBLICATION, DISTRIBUTION, ETC.
Name of publisher, distributor, etc. Ass: of Indian Universities
Place of publication, distribution, etc. MADRAS
Date of publication, distribution, etc. 1900
300 ## - PHYSICAL DESCRIPTION
Extent 160p.
630 ## - SUBJECT ADDED ENTRY--UNIFORM TITLE
General subdivision Reference Reading Room
650 ## - SUBJECT ADDED ENTRY--TOPICAL TERM
Topical term or geographic name entry element Higher education
942 ## - ADDED ENTRY ELEMENTS (KOHA)
Koha item type BOOK
650 ## - SUBJECT ADDED ENTRY--TOPICAL TERM
Form subdivision Examination
General subdivision EducationGeneralia
Holdings
Withdrawn status Lost status Source of classification or shelving scheme Damaged status Not for loan Home library Current library Date acquired Cost, normal purchase price Full call number Barcode Shelving location Date last seen Price effective from Koha item type
    Dewey Decimal Classification     SB LIBRARY SB LIBRARY 09/11/2021 100.00 378.1662 UNI-E 00053472 GENERAL STACK 09/11/2021 09/11/2021 BOOK

Powered by Koha